<?xml version="1.0" encoding="UTF-8"?>
<record
    xmlns:xsi="http://www.w3.org/2001/XMLSchema-instance"
    xsi:schemaLocation="http://www.loc.gov/MARC21/slim http://www.loc.gov/standards/marcxml/schema/MARC21slim.xsd"
    xmlns="http://www.loc.gov/MARC21/slim">

  <leader>01335nam a2200289 i 4500</leader>
  <controlfield tag="003">DO-SdBNP</controlfield>
  <controlfield tag="005">20260518120036.0</controlfield>
  <controlfield tag="006">a||||fr|||| 00| 0 </controlfield>
  <controlfield tag="007">ta</controlfield>
  <controlfield tag="008">230419e2019    dr ||||fr|||| 001 edspa d</controlfield>
  <datafield tag="020" ind1=" " ind2=" ">
    <subfield code="a">9789945803938</subfield>
  </datafield>
  <datafield tag="040" ind1=" " ind2=" ">
    <subfield code="a">DO-SdBNP</subfield>
    <subfield code="b">spa</subfield>
    <subfield code="c">BNPHU</subfield>
    <subfield code="e">rda</subfield>
  </datafield>
  <datafield tag="082" ind1=" " ind2="4">
    <subfield code="a">344.729301</subfield>
    <subfield code="b">H565j</subfield>
    <subfield code="2">22</subfield>
  </datafield>
  <datafield tag="245" ind1=" " ind2=" ">
    <subfield code="a">Jurisprudencia en materia laboral 2021 - 2018:</subfield>
    <subfield code="b">estudios y sentencias</subfield>
    <subfield code="c">M. R. Herrera Carbucia; diagramaci&#xF3;n, Jos&#xE9; Miguel P&#xE9;rez; pr&#xF3;logo, Mariano Germ&#xE1;n Mej&#xED;a y Rafael Francisco Alburquerque de Castro.</subfield>
  </datafield>
  <datafield tag="264" ind1="3" ind2="3">
    <subfield code="a">Santo Domingo :</subfield>
    <subfield code="b">Soto,</subfield>
    <subfield code="c">2019</subfield>
  </datafield>
  <datafield tag="300" ind1=" " ind2=" ">
    <subfield code="a">xxi, 915 p&#xE1;ginas ;</subfield>
    <subfield code="c">22 cm.</subfield>
  </datafield>
  <datafield tag="500" ind1=" " ind2=" ">
    <subfield code="a">Incluye datos biogr&#xE1;ficos del autor en las solapas de las cubiertas.</subfield>
  </datafield>
  <datafield tag="500" ind1=" " ind2=" ">
    <subfield code="a">Incluye &#xED;ndice anal&#xED;tico, p&#xE1;ginas 787 - 915</subfield>
  </datafield>
  <datafield tag="505" ind1=" " ind2=" ">
    <subfield code="a">Pr&#xF3;logo. /</subfield>
    <subfield code="r">Mariano Germ&#xE1;n Mej&#xED;a.--</subfield>
  </datafield>
  <datafield tag="505" ind1=" " ind2=" ">
    <subfield code="a">Pr&#xF3;logo. /</subfield>
    <subfield code="r"> Rafael Francisco Alburquerque de Castro.</subfield>
    <subfield code="t">Presentaci&#xF3;n.--</subfield>
    <subfield code="t">Relaci&#xF3;n de Sentencias.--</subfield>
    <subfield code="t">&#xCD;ndice anal&#xED;tico.</subfield>
  </datafield>
  <datafield tag="590" ind1=" " ind2=" ">
    <subfield code="a">Inventariado 2023 / MF</subfield>
  </datafield>
  <datafield tag="650" ind1=" " ind2="7">
    <subfield code="a">Derecho laboral </subfield>
    <subfield code="z">Rep&#xFA;blica Dominicana</subfield>
    <subfield code="y">2012-2018</subfield>
    <subfield code="2">LIBRUNAM</subfield>
    <subfield code="9">89645</subfield>
  </datafield>
  <datafield tag="700" ind1="1" ind2=" ">
    <subfield code="9">65253</subfield>
    <subfield code="a">Jim&#xE9;nez P&#xE9;rez, Jos&#xE9; Miguel</subfield>
    <subfield code="e">diagramaci&#xF3;n</subfield>
  </datafield>
  <datafield tag="700" ind1="1" ind2=" ">
    <subfield code="a">Germ&#xE1;n M., Mariano,</subfield>
    <subfield code="d">1946-</subfield>
    <subfield code="q">(Germ&#xE1;n Mej&#xED;a)</subfield>
    <subfield code="e">pr&#xF3;logo</subfield>
    <subfield code="9">9311</subfield>
  </datafield>
  <datafield tag="700" ind1="1" ind2=" ">
    <subfield code="9">35785</subfield>
    <subfield code="a">Alburquerque de Castro, Rafael Francisco,</subfield>
    <subfield code="d">1940-</subfield>
  </datafield>
  <datafield tag="942" ind1=" " ind2=" ">
    <subfield code="2">ddc</subfield>
    <subfield code="c">LBS1</subfield>
  </datafield>
  <datafield tag="952" ind1=" " ind2=" ">
    <subfield code="0">0</subfield>
    <subfield code="1">0</subfield>
    <subfield code="2">ddc</subfield>
    <subfield code="5">1</subfield>
    <subfield code="7">0</subfield>
    <subfield code="8">PD</subfield>
    <subfield code="a">BNPHU</subfield>
    <subfield code="b">BNPHU</subfield>
    <subfield code="c">HD</subfield>
    <subfield code="d">2020-10-15</subfield>
    <subfield code="e">Donado por ODECOPLIN</subfield>
    <subfield code="o">BNPHU PD 344.729301 H565j</subfield>
    <subfield code="p">2023-1444</subfield>
    <subfield code="r">2023-04-19</subfield>
    <subfield code="w">2023-04-19</subfield>
    <subfield code="y">LBS1</subfield>
    <subfield code="z">Ejemplar autografiado por el autor</subfield>
  </datafield>
  <datafield tag="999" ind1=" " ind2=" ">
    <subfield code="c">53306</subfield>
    <subfield code="d">53306</subfield>
  </datafield>
</record>
